000 00343 a2200109 4500
001 ART_35059
005 20260410162005.0
008 260409a
245 1 0 _aLos cambios más significativos en materia de donaciones
100 1 _aFirpo, Alejandro
773 0 _tTemas de derecho civil
_g- Año 1, Nº 2 (nov. 2015)
_wREV34778
999 _c31604
_d31604